Harry Potter: le Placard sous l'Escalier - Statistiques

Statistiques générales
  • Ce quiz a été pris 92 fois
  • Le résultat moyen est 6 sur 8
Statistiques - réponses
Information Réponses % Correct
Première apparition Harry Potter à l'école des sorciers
95%
Pays Royaume-Uni
95%
Nation Angleterre
92%
Résident Harry Potter
91%
Dernière apparition Harry Potter et les Reliques de la Mort
88%
Adresse (Rue+n°) 4, Privet Drive
83%
Ville Little Whinging
58%
Région Surrey
46%
Aucun quiz correspondant
Distribution des résultats
% des personnes avec chaque résultat
Percentile par nombre de réponses
Votre historique - résultats
Vous n’avez pas pris ce quiz